LEADER 01140nam2 2200349 450 001 990000809910203316 035 $a0080991 035 $aUSA010080991 035 $a(ALEPH)000080991USA01 035 $a0080991 100 $a20011220d1988----km-y0itay0103----ba 101 $aita 102 $aIT 105 $a||||||||001yy 200 1 $aDelle battaglie, tavole militari, discorso della guerra contro il Turco...$v2$fedizione critica a cura di Raimondo Luraghi 210 $aRoma$cUfficio storico Stato maggiore esercito$d1988 215 $a651 p$d26 cm 410 $12001 461 1$10010080989$12001$a<> opere di Raimondo Montecuccoli 676 $a355 700 1$aMONTECUCCOLI,$bRaimondo$0452169 702 1$aLURAGHI,$bRaimondo 801 0$aIT$bsalbc$gISBD 912 $a990000809910203316 951 $aIG XVII S 56 2$b77069 EC$cIG XVII S 959 $aBK 969 $aUMA 979 $aPATTY$b90$c20011220$lUSA01$h0927 979 $c20020403$lUSA01$h1727 979 $aPATRY$b90$c20040406$lUSA01$h1656 996 $aDelle battaglie, tavole militari, discorso della guerra contro il Turco..$9966790 997 $aUNISA LEADER 01260nam 2200385 n 450 001 996387817703316 005 20221102114328.0 035 $a(CKB)1000000000628380 035 $a(EEBO)2240885798 035 $a(UnM)9927756400971 035 $a(UnM)99827659 035 $a(EXLCZ)991000000000628380 100 $a19950308d1675 uy | 101 0 $aeng 135 $aurbn||||a|bb| 200 14$aThe Greeks and Trojans wars$b[electronic resource] $e... Tune is, A conscionable caviat 210 $a[London] $cPrinted for F. Coles, T. VeWright [sic], and L. Clark$d[1675?] 215 $a1 sheet ([1] p.) $cill 300 $aPlace of publication from Wing, which has publication date = [1674-9]. 300 $aIn two parts. 300 $aVerse - "Of Greece and Troy I shall you tell,". 300 $aReproduction of the original in the Bodleian Library. 330 $aeebo-0014 606 $aTrojan War$vPoetry$vEarly works to 1800 606 $aBallads, English$y17th century 615 0$aTrojan War 615 0$aBallads, English 801 0$bCu-RivES 801 1$bCu-RivES 801 2$bCStRLIN 801 2$bWaOLN 906 $aBOOK 912 $a996387817703316 996 $aThe Greeks and Trojans wars$92315428 997 $aUNISA LEADER 05186nam 22005775 450 001 9910299347503321 005 20200706004643.0 010 $a3-030-02113-0 024 7 $a10.1007/978-3-030-02113-9 035 $a(CKB)4100000007127601 035 $a(MiAaPQ)EBC5598678 035 $a(DE-He213)978-3-030-02113-9 035 $a(PPN)232471894 035 $a(EXLCZ)994100000007127601 100 $a20181112d2018 u| 0 101 0 $aeng 135 $aurcnu|||||||| 181 $ctxt$2rdacontent 182 $cc$2rdamedia 183 $acr$2rdacarrier 200 10$aPrivacy-Enhancing Fog Computing and Its Applications /$fby Xiaodong Lin, Jianbing Ni, Xuemin (Sherman) Shen 205 $a1st ed. 2018. 210 1$aCham :$cSpringer International Publishing :$cImprint: Springer,$d2018. 215 $a1 online resource (98 pages) 225 1 $aSpringerBriefs in Electrical and Computer Engineering,$x2191-8112 311 $a3-030-02112-2 327 $a1 Introduction -- 2 Privacy-enhancing Technologies -- 3 Identity Privacy Protection in Smart Parking Navigation -- 4 Location Privacy Protection in Mobile Crowdsensing -- 5 Data Privacy Protection in Smart Grid -- 6 Conclusions and Future Directions. 330 $aThis SpringerBrief covers the security and privacy challenges in fog computing, and proposes a new secure and privacy-preserving mechanisms to resolve these challenges for securing fog-assisted IoT applications. Chapter 1 introduces the architecture of fog-assisted IoT applications and the security and privacy challenges in fog computing. Chapter 2 reviews several promising privacy-enhancing techniques and illustrates examples on how to leverage these techniques to enhance the privacy of users in fog computing. Specifically, the authors divide the existing privacy-enhancing techniques into three categories: identity-hidden techniques, location privacy protection and data privacy enhancing techniques. The research is of great importance since security and privacy problems faced by fog computing impede the healthy development of its enabled IoT applications. With the advanced privacy-enhancing techniques, the authors propose three secure and privacy-preserving protocols for fog computing applications, including smart parking navigation, mobile crowdsensing and smart grid. Chapter 3 introduces identity privacy leakage in smart parking navigation systems, and proposes a privacy-preserving smart parking navigation system to prevent identity privacy exposure and support efficient parking guidance retrieval through road-side units (fogs) with high retrieving probability and security guarantees. Chapter 4 presents the location privacy leakage, during task allocation in mobile crowdsensing, and propose a strong privacy-preserving task allocation scheme that enables location-based task allocation and reputation-based report selection without exposing knowledge about the location and reputation for participators in mobile crowdsensing. Chapter 5 introduces the data privacy leakage in smart grid, and proposes an efficient and privacy-preserving smart metering protocol to allow collectors (fogs) to achieve real-time measurement collection with privacy-enhanced data aggregation. Finally, conclusions and future research directions are given in Chapter 6. This brief validates the significant feature extension and efficiency improvement of IoT devices without sacrificing the security and privacy of users against dishonest fog nodes. It also provides valuable insights on the security and privacy protection for fog-enabled IoT applications. Researchers and professionals who carry out research on security and privacy in wireless communication will want to purchase this SpringerBrief. Also, advanced level students, whose main research area is mobile network security will also be interested in this SpringerBrief. . 410 0$aSpringerBriefs in Electrical and Computer Engineering,$x2191-8112 606 $aData protection 606 $aWireless communication systems 606 $aMobile communication systems 606 $aElectrical engineering 606 $aSecurity$3https://scigraph.springernature.com/ontologies/product-market-codes/I28000 606 $aWireless and Mobile Communication$3https://scigraph.springernature.com/ontologies/product-market-codes/T24100 606 $aCommunications Engineering, Networks$3https://scigraph.springernature.com/ontologies/product-market-codes/T24035 615 0$aData protection. 615 0$aWireless communication systems. 615 0$aMobile communication systems. 615 0$aElectrical engineering. 615 14$aSecurity. 615 24$aWireless and Mobile Communication. 615 24$aCommunications Engineering, Networks. 676 $a005.8 700 $aLin$b Xiaodong$4aut$4http://id.loc.gov/vocabulary/relators/aut$0881835 702 $aNi$b Jianbing$4aut$4http://id.loc.gov/vocabulary/relators/aut 702 $aShen$b Xuemin (Sherman)$4aut$4http://id.loc.gov/vocabulary/relators/aut 906 $aBOOK 912 $a9910299347503321 996 $aPrivacy-Enhancing Fog Computing and Its Applications$91969771 997 $aUNINA